Images India: (Record no. 224857)

MARC details
000 -LEADER
fixed length control field 00738nam a22002537a 4500
005 - DATE AND TIME OF LATEST TRANSACTION
control field 20221017101324.0
008 - FIXED-LENGTH DATA ELEMENTS--GENERAL INFORMATION
fixed length control field 221017b ||||| |||| 00| 0 eng d
020 ## - INTERNATIONAL STANDARD BOOK NUMBER
International Standard Book Number 8175256524
040 ## - CATALOGING SOURCE
Transcribing agency AL
041 ## - LANGUAGE CODE
Language code of text/sound track or separate title eng
082 ## - DEWEY DECIMAL CLASSIFICATION NUMBER
Edition number 23
Classification number 759.954
Item number NAVI
100 ## - MAIN ENTRY--PERSONAL NAME
Personal name Ranganath R Navalgund
100 ## - MAIN ENTRY--PERSONAL NAME
9 (RLIN) 59666
245 ## - TITLE STATEMENT
Title Images India:
Remainder of title Rediscovering India a journey through space images
260 ## - PUBLICATION, DISTRIBUTION, ETC.
Place of publication, distribution, etc. Hyderabad
Name of publisher, distributor, etc. National Remote Sensing Agency
Date of publication, distribution, etc. 2006
300 ## - PHYSICAL DESCRIPTION
Extent viii,201p.
Other physical details HB
Dimensions 37x28cm.
365 ## - TRADE PRICE
Source of price type code Others
650 ## - SUBJECT ADDED ENTRY--TOPICAL TERM
Topical term or geographic name entry element Lands
9 (RLIN) 59667
650 ## - SUBJECT ADDED ENTRY--TOPICAL TERM
Topical term or geographic name entry element Waters
9 (RLIN) 59668
650 ## - SUBJECT ADDED ENTRY--TOPICAL TERM
Topical term or geographic name entry element Oceans and Coasts
9 (RLIN) 59669
650 ## - SUBJECT ADDED ENTRY--TOPICAL TERM
Topical term or geographic name entry element Environment
9 (RLIN) 59670
650 ## - SUBJECT ADDED ENTRY--TOPICAL TERM
Topical term or geographic name entry element Global Perspectiv
9 (RLIN) 59671
700 ## - ADDED ENTRY--PERSONAL NAME
Personal name NAVALGUND (Rangnath)
9 (RLIN) 59672
942 ## - ADDED ENTRY ELEMENTS (KOHA)
Source of classification or shelving scheme Dewey Decimal Classification
Koha item type George Fernandes Collections
Holdings
Withdrawn status Lost status Source of classification or shelving scheme Damaged status Not for loan Collection code Home library Current library Date acquired Total Checkouts Full call number Barcode Date last seen Price effective from Koha item type
    Dewey Decimal Classification     Others St Aloysius Library St Aloysius Library 03/24/2013   759.954 NAVI GF00722 10/17/2022 10/17/2022 George Fernandes Collections